000 00272nam a22001337a 4500
003 SGT
020 _a9780865776968
082 _a400
_bS98R
100 _aROSER, ROSS J.
245 _aSPEECH LANGUAGE PATHOLOGY
260 _bTHIEME PUB
300 _a582
942 _2ddc
_cBK
999 _c17895
_d17895